| 000 | 00392nam a2200145Ia 4500 | ||
|---|---|---|---|
| 008 | 231129s2010||||xx |||||||||||||| ||spa|| | ||
| 020 | _a978-958-8596-39-6 | ||
| 040 | _bspa | ||
| 082 | _aCo861.5 G216e | ||
| 100 | _aGarcía Maffla Jaime | ||
| 245 | 0 | _aEcos del vigía: poemas inéditos | |
| 260 | _c2010 | ||
| 264 | _aCaza de Libros | ||
| 942 |
_2ddc _cBKS |
||
| 999 |
_c9934 _d9934 |
||